Un quiz JetPunk banal... mais des pays ne comptent pas - Statistiques

Statistiques générales
  • Ce quiz a été pris 1 294 fois
  • Le résultat moyen est 6 sur 27
Réponses sur la Carte
Les réponses sont colorées sur une échelle allant du rouge au vert en fonction du pourcentage des utilisateurs qui les ont devinées à leur premier essai. Vous pouvez retrouver ces pourcentages ci-dessous.
 
Statistiques - réponses
Indice Réponse % Correct
Plus grand pays, en superficie Canada
95%
Pays le plus peuplé du monde Indonésie
66%
Pays le plus peuplé d'Europe Ukraine
60%
Nommez un pays possédant l'arme nucléaire Corée du Nord, Israël, Pakistan
44%
Nommez un membre du G8 Canada
36%
Plus grand empire colonial Portugal
35%
Plus grande économie européenne Pologne
32%
Pays ayant le plus de fuseaux horaires Australie
22%
Plus grand partenaire commercial de la France Belgique
21%
Plus grand producteur de vin Argentine
20%
Plus grande zone économique exclusive (ZEE) Australie
18%
Plus grande ville du monde Jakarta
17%
Dernière ville ayant accueilli les Jeux Olympiques Rio de Janeiro
15%
Plus grande économie mondiale Indonésie
14%
Deuxième ville d'Europe, après Istanbul Athènes
11%
Capitale la plus devinée sur JetPunk Bruxelles
10%
Ville européenne ayant la plus grande économie Amsterdam-Rotterdam
8%
Pays actuel ayant le plus de médailles olympiques Suède
8%
Plus grand nombre de visiteurs étrangers Turquie
8%
Plus grand club de football (saison 2021/22) AFC Ajax (Pays-Bas)
7%
Plus grande ville à plus de 100km de la côte Mexico
7%
Pays ayant le plus de monuments à l'UNESCO Mexique
7%
Marque vendant le plus de voitures en France Dacia (Roumanie)
6%
Ville ayant le plus ancien métro Budapest
3%
Homme le plus riche du monde (déc. 2021) Carlos Slim (Mexique)
3%
Ville ayant la plus grande économie Séoul
3%
Plus grande ville du monde en 1900 Vienne
2%
Aucun quiz correspondant
Distribution des résultats
% des personnes avec chaque résultat
Percentile par nombre de réponses
Votre historique - résultats
Vous n’avez pas pris ce quiz